TV Family Surnames Quiz Stats

 Plays Quiz Updated Jun 13, 2017

Also try: TV Series Surnames
Challenge
Share
Tweet
Embed
Score 0/22 Timer 05:00
1 Play Today
Family members Surname % Correct
Parents: Mike & Carol
Children: Greg, Marcia, Peter, Jan, Bobby, & Cindy
Brady
85%
Parents: Peter & Lois
Children: Meg, Chris, & Stewie
Griffin
83.3%
Parents: Cliff & Clair
Children: Sondra, Denise, Theo, Vanessa, & Rudy
Huxtable
74.6%
Parents: George & Jane
Children: Judy & Elroy
Jetson
73.6%
Father: Martin
Children: Frasier & Niles
Crane
70.7%
Father: Danny
Children: D.J., Stephanie, & Michelle
Tanner
69.9%
Parents: Ward & June
Children: Wally & Theodore
Cleaver
65.1%
Parents: Tim & Jill
Children: Brad, Randy, & Mark
Taylor
59.2%
Parents: Howard & Marion
Children: Richie & Joanie
Cunningham
56.6%
Parents: Tony & Carmela
Children: Meadow & Anthony Jr.
Soprano
56.1%
Parents: Phillip & Vivian
Children: Hilary, Carlton, & Ashley
Banks
55.6%
Family members Surname % Correct
Parents: Raymond & Debra
Children: Ally, Geoffrey, & Michael
Barone
53%
Parents: Jock & Ellie
Children: J.R., Gary, & Bobby
Ewing
52.4%
Parents: Dan & Roseanne
Children: Becky, Darlene, & D.J.
Conner
46.7%
Parents: Steven & Elyse
Children: Alex, Mallory, Jennifer, & Andy
Keaton
46%
Parents: Jason & Maggie
Children: Mike, Carol, Ben, & Chrissy
Seaver
40.1%
Parents: George & Lucille
Children: Gob, Michael, Lindsay, & Buster
Bluth
37.4%
Parents: Phil & Claire
Children: Haley, Alex, & Luke
Dunphy
34.8%
Parents: Walter & Skyler
Children: Walter Jr. & Holly
White
32.2%
Parents: Jack & Norma
Children: Karen, Wayne, & Kevin
Arnold
29.5%
Parents: Randy & Sharon
Children: Shelly & Stan
Marsh
21.6%
Parents: Carl & Harriette
Children: Eddie & Laura
Winslow
21%

You're not logged in!

Compare scores with friends on all Sporcle quizzes.
OR
Log In

You Might Also Like...

Show Comments

Extras

Top Quizzes Today


Score Distribution

Your Account Isn't Verified!

In order to create a playlist on Sporcle, you need to verify the email address you used during registration. Go to your Sporcle Settings to finish the process.

Report this User

Report this user for behavior that violates our Community Guidelines.

Details: